Normal view MARC view

Entry Meeting Name

Number of records used in: 1

001 - CONTROL NUMBER

  • control field: 28558

003 - CONTROL NUMBER IDENTIFIER

  • control field: OSt

005 - DATE AND TIME OF LATEST TRANSACTION

  • control field: 20211105135200.0

008 - FIXED-LENGTH DATA ELEMENTS

  • fixed length control field: 211105|| aca||aabn | a|a d

040 ## - CATALOGING SOURCE

  • Original cataloging agency: OSt
  • Transcribing agency: OSt

111 ## - HEADING--MEETING NAME

  • Meeting name or jurisdiction name as entry element: Symposium Study of the Earth's Deep Interior exeter
  • Number of part/section/meeting: 7th
  • Location of meeting: England
  • Date of meeting or treaty signing: 2000 July 30 - Aug. 4

670 ## - SOURCE DATA FOUND

  • Source citation: Work cat.: (OSt): Symposium Study of the Earth's Deep Interior exeter 7th England 2000 July 30 - Aug. 4, Earth's core and lower mantle, 2003

Powered by Koha